| 000 | 00766cam a2200253 a 4500 | ||
|---|---|---|---|
| 001 | 000020136 | ||
| 005 | 20200929170301.0 | ||
| 008 | 860115s1969 sp 001 d spa d | ||
| 040 |
_aDO-SdBNP _cTxBeaL _dDLC _dBNPHU |
||
| 082 |
_a862.3 _bV422cab, 1969 |
||
| 100 | 1 |
_aVega, Lope de, _d1562-1635 _93084 |
|
| 245 | 1 | 3 |
_aEl caballero de Olmedo ; el amor enamorado / _cLope de Vega. |
| 250 | _a4a ed. | ||
| 260 |
_aMadrid : _bEspasa-Calpe, _c1969. |
||
| 300 |
_a158 p. ; _c18 cm. |
||
| 490 | 1 |
_aAustral. Gris: clásicos _v638 |
|
| 500 | _aIncluye índice de autores | ||
| 650 | 4 |
_aTeatro español _93071 |
|
| 650 | 4 |
_aLiteratura española _9632 |
|
| 740 | 3 | _aEl amor enamorado | |
| 830 | 0 |
_aAustral. _pGris: clásicos ; _v638 _98199 |
|
| 910 | _aWM | ||
| 049 | _aBNGR | ||
| 999 |
_c19644 _d19644 |
||